000 00558nam a2200157 a 4500
008 120416s1979 ||||||||||||||||| || u
050 _aQD 115 Wil
100 _aWilliams, W. John
245 1 0 _aHandbook of anion determination
260 _aLondon
_bButterworths
_c1979
300 _ax, 630p. : ill
350 _a0.00
650 0 _aCHEMISTRY--HANDBOOKS, MANUALS, ETC
650 0 _aCHEMICAL ELEMENTS
995 _D0.00
_FCBU-MAIN LIBRARY (Kitwe)
_H1
_I0.00
_M1
_UAVAILABLE
_ZMain Library Open Access Collection
999 _c45242
_d45242